00333pab a2200121 454500008004000000100002600040245007500066260000900141300000900150362001300159650002900172773001000201180718b1983 xxu||||| |||| 00| 0 eng d aGrossi, Francisco Vio aThe right kind of supportbSome cautionary advice for NGO in the South c1983 a23-5 aMay-June aSocial Service - Finance aCeres